00766nam a2200205Ia 4500001000700000003000500007008004100012010001100053040000900064100002500073245018300098260004100281300002100322502007500343650003400418650002900452650003400481650002300515650002200538Z_1499CHAP220113s1988 xx 000 0 und d a164588 cCHAP aLagunas Brito, Jorge aUso de cal apagada (Ca(OH)2) como posible control del vómito negro originado por el consumo de harina de pescado sobrecalentada en pollos de engorda /cpor Jorge Lagunas Brito aChapingo, Méx. :bEl autor,c1988 a36 h. ; gráfs. aTesis (Ing. Agr. Esp. en Zootecnia) -- UACH. Departamento de Zootecnia aAves de corralxEnfermedades  aAves de corralxEngorda  aCalcio en nutrición animal  aHarina de pescado  at: Vómito negro